How to overcome fear (Record no. 4500)
[ view plain ]
| 000 -LEADER | |
|---|---|
| fixed length control field | 00899nam a2200169Ia 4500 |
| 005 - DATE AND TIME OF LATEST TRANSACTION | |
| control field | 20240703012450.0 |
| 008 - FIXED-LENGTH DATA ELEMENTS--GENERAL INFORMATION | |
| fixed length control field | 240331s9999 xx 000 0 und d |
| 020 ## - INTERNATIONAL STANDARD BOOK NUMBER | |
| ISBN | 8122300502 |
| 082 ## - DDC Classification | |
| Item Number - Author Mark | GUP |
| Class No. | 150 |
| 100 ## - MAIN ENTRY--PERSONAL NAME | |
| Personal name | Gupta,M.K |
| 245 #0 - TITLE STATEMENT | |
| Title | How to overcome fear |
| 250 ## - EDITION STATEMENT | |
| Edition statement | 7th |
| 260 ## - PUBLICATION, DISTRIBUTION, ETC. | |
| Place of publication, distribution, etc. | New Delhi |
| Name of publisher, distributor, etc. | Pustak Mahal |
| Date of publication, distribution, etc. | 2005 |
| 300 ## - PHYSICAL DESCRIPTION | |
| Extent (e.g. Volumes, Pages etc.) | 80 p ., |
| 500 ## - GENERAL NOTE | |
| General note | The Author , in this book suggests practical steps to eliminate fear from its roots after discussing about the nature and causes of different types of fears and phobias. Supported by examples from day-to-day life and lively illustrations, the book is a real treasure for overcoming worries, anxieties, nervousness, fears and phobia through different approaches like Right Knowledge, Relaxation Therapy, yoga. Meditation and Medicine. Unravel all the mysteries about fear and eliminate the very roots of it from your mind. |
| 942 ## - Koha item type (Biblio) | |
| Koha item type | Books in Stacks (Lending) |
| Lost status | Damaged status | Collection code | Home library | Current library | Shelving location | Date acquired | Full call number | Accession Number | Item type |
|---|---|---|---|---|---|---|---|---|---|
| Lending | WERC Library | WERC Library | Social Science Cupboard | 03/31/2024 | 150 GUP | 6025 | Books in Stacks (Lending) |
